Stabilita hypotekárnej banky

Saved in:
Bibliographic Details
Main Author: Horvátová, Eva, 1958-
Format: Book Chapter
Language:Slovak
Tags: Add Tag
No Tags, Be the first to tag this record!

MARC

LEADER 00000naa$a2200000$$$4500
001 0098133
005 20240502083244.0
041 0 |a slo 
044 |a CZ 
245 1 0 |a Stabilita hypotekárnej banky  |c Eva Horvátová 
100 1 |a Horvátová, Eva, 1958-